00431nam a22001217a 4500008004100000040005500041080002200096245007200118260007300190300001700263650001500280653001400295230612b |||||||| |||| 00| 0 eng d aNational Science LibrarycNational Science Library aR 91(083.86) bK5 aTimes index-gazetteer of the world c/ Times Publishing Company Ltd aLondon: bTimes Publishing Company Ltd Printing House Square, c1965 axxxi, 964p.  aGeography  aGazetteer